| 000 | 00506cam a2200193 4500 | ||
|---|---|---|---|
| 001 | D4521 | ||
| 008 | 090401t1972 xxu||||| |||| 00| 0 eng d | ||
| 035 | _a(Sirsi) u4382 | ||
| 041 | _aeng | ||
| 050 | _a336.21 | ||
| 110 |
_aUnited Kingdom _bDepartment of the Environment _9982 |
||
| 245 | _aRate rebates in England and Wales 1971-72. | ||
| 260 |
_aLondon _bHMSO _c1972 |
||
| 300 | _a65p. ; 25cm. | ||
| 350 | _a0.82 | ||
| 710 |
_aUnited Kingdom _bWelsh Office _91214 |
||
| 942 | _n0 | ||
| 948 | _c04/03/1997 | ||
| 999 |
_c86020 _d86020 |
||